000 03056pam a2200433 a 4500
005 20080801114159.0
008 080801t xxu||||| |||| 00| 0 eng d
010 _aB-270119-124
020 _a075340804x
_c10312.50 (set of 24 vol.)
035 _aB-270125-130
037 _aG-04-0021 / 27.05.08
_bGrolier Inernational ( P ) Ltd
040 _aDLC
_bEN
082 _a551.415
100 _aGaff , Jackie
245 _aI wonder why the Sahara is cold at night , and other questions about deserts /
_cby Jackie Gaff
260 _aLondon
_bKingfisher Books,
_c1997.
260 _aNew Delhi
_bGrolier International ,Vendor
270 _aGrolier International , (Vendor) Uppal, M 6, third floor , District Centre
_bNew Delhi
_e110025
_k011-46118118
300 _a32 p. :
_bcol. ill. ;
_c29 cm.
500 _aIncludes index.
500 _aIt is a set of 24 volumes and set price 10312.50
520 _aAnswers such questions about birds as why a budgie cocks its head, which bird likes to paddle in the mud, and whose nest has central heating.
650 _xJuvenile literature.
650 _xMiscellanea.
650 _aQuestions and answers.
830 _aI wonder why (New York, N.Y.)
856 _3Publisher description
_uhttp://www.loc.gov/catdir/description/hm021/97000188.html
856 _3Contributor biographical information
_uhttp://www.loc.gov/catdir/enhancements/fy0736/97000188-b.html
942 _2ddc
_cCH
_h551.415
_mGAF
999 _c14349
_d14349